000 00320 a2200157 4500
001 187737
020 _a85-322-5657-0
040 _cMagnum
240 1 0 _aGeografia do mundo
_lpor
245 1 0 _aGeografia do mundo
300 _a239
362 0 _a2005
440 1 _aFTD
697 _aGEOGRAFIA DO BRASIL
942 _cBK
999 _c187737
_d187737